The cultural geography of early modern drama 1620-1650

Gespeichert in:
Bibliographische Detailangaben
1. Verfasser: SANDERS, Julie
Format: Buch
Sprache:Englisch
Veröffentlicht: Cambridge University Press 2011
Tags: Tag hinzufügen
Keine Tags, Fügen Sie den ersten Tag hinzu!

MARC

LEADER 00000nam a22000007a 4500
008 210621b ||||| |||| 00| 0 eng d
020 |a 9781107463349 
100 |a SANDERS, Julie 
245 |a The cultural geography of early modern drama 1620-1650  |c Julie Sanders  |g vii,242p.;ill. 
260 |b Cambridge University Press  |c 2011  |h United Kingdom  |i 696237  |i 696238  |l PR658.Sa5  |m English drama--17th century--History and criticism  |m Landscape in literature  |m Space in literature  |m Setting (Literature)  |m Masques, English-History & criticism  |m Theatre-England-History-17th century 
500 |a It includes index and references 
942 |a lcc  |c BK  |e Kuteyi, M. A  |f 21/06/2021 
952 |0 0  |1 0  |2 lcc  |4 0  |6 PR0658 S A5  |7 0  |9 2678  |a HOL  |b ART  |c LP  |d 2021-06-21  |l 0  |o PR658.Sa5  |p 2021-6523  |r 2021-06-21 00:00:00  |w 2021-06-21  |y BK 
952 |0 0  |1 0  |2 lcc  |4 0  |6 PR0658 S A5  |7 0  |9 2679  |a HOL  |b HOL  |c LP  |d 2021-06-21  |l 0  |o PR658.Sa5  |p 2021-6524  |r 2021-06-21 00:00:00  |w 2021-06-21  |y BK 
999 |c 1396  |d 1396